Pie IX / (Record no. 159807)

MARC details
000 -LEADER
campo de control de longitud fija 00865nam a22002175i 4500
001 - NÚMERO DE CONTROL
campo de control 159807
003 - IDENTIFICADOR DE NÚMERO DE CONTROL
campo de control ES-MaACL
005 - FECHA Y HORA DE LA ÚLTIMA TRANSACCIÓN
campo de control 20250629063140.0
008 - DATOS DE LONGITUD FIJA--INFORMACIÓN GENERAL
campo de control de longitud fija 040727s1868 fr a |||| | fre d
040 ## - FUENTE DE CATALOGACIÓN
Centro catalogador/agencia de origen CAM
Lengua de catalogación spa
Centro/agencia transcriptor CAM
100 1# - ENTRADA PRINCIPAL--NOMBRE DE PERSONA
Nombre de persona Mirecourt, Eugène de,
Fechas asociadas al nombre 1812-1880
9 (RLIN) 129980
245 10 - MENCIÓN DEL TÍTULO
Título Pie IX /
Mención de responsabilidad, etc. par Eugène de Mirecourt.
260 ## - PUBLICACIÓN, DISTRIBUCIÓN, ETC.
Lugar de publicación, distribución, etc. Paris :
Nombre del editor, distribuidor, etc. Achille Faure éditeur,
Fecha de publicación, distribución, etc. 1868 (
Lugar de fabricación/manufactura Mirecourt :
Fabricante Typ. de L.-Ph. Costet et c\pie\s)
300 ## - DESCRIPCIÓN FÍSICA
Extensión 72 p., [1] h. de lám. ;
Dimensiones 14 cm.
490 1# - MENCIÓN DE SERIE
Mención de serie Histoire contemporaine : portraits et silhouettes au XIX\pe\s siècle
599 ## - NOTA A LAS ILUSTRACIONES
NOTA A LAS ILUSTRACIONES La h. de lám. retrato de Pio IX.
600 04 - PUNTO DE ACCESO ADICIONAL DE MATERIA--NOMBRE DE PERSONA
Nombre de persona Pío
Numeración IX
Títulos y otros términos asociados al nombre Papa, Beato-
Subdivisión general Biografías.
9 (RLIN) 137975
830 0# - PUNTO DE ACCESO ADICIONAL DE SERIE-TÍTULO UNIFORME
Título uniforme Histoire contemporaine : portraits et silhouettes au XIX\pe\s siècle
9 (RLIN) 188249
852 ## - LOCALIZACIÓN
Ubicación ES-MaACL
Número de control de estantería G-14948(7)
Nota libre -- Enc. jol.
Holdings
Estatus retirado Estado de pérdida Estado de daño No para préstamo Colección Biblioteca de origen Biblioteca actual Ubicación en estantería Fecha de adquisición Fuente de adquisición Total de préstamos Signatura topográfica completa Código de barras Visto por última vez Precio de reemplazo Tipo de ítem Koha
        Libros del s. XIX Biblioteca del Ateneo de Madrid Biblioteca del Ateneo de Madrid Sala Pecera Planta 3 17/01/2008     G-14948(7) 1167296 23/02/2023 23/02/2023 Libro impreso antiguo